000
00340nam a22001457a 4500
020
_a
978-81-219-2596-9
041
_a
ENG
100
_a
S. Chand
245
_a
A TexBook of Matrices
260
_a
Delhi
_b
S Chand and Company Limited
_c
2019
300
_a
309
650
_a
Mathmatics
700
_a
P.K Mittal , Shanti Narayan
856
_u
Maths
999
_c
28
_d
28